Memoir Harussani Zakaria : (Record no. 175396)

MARC details
000 -LEADER
fixed length control field 03013pam a2200421 i 4500
001 - CONTROL NUMBER
control field vtls000858990
003 - CONTROL NUMBER IDENTIFIER
control field PNM
005 - DATE AND TIME OF LATEST TRANSACTION
control field 20191217145045.0
008 - FIXED-LENGTH DATA ELEMENTS--GENERAL INFORMATION
fixed length control field 180828t20182018my ao e a001 0 may
015 ## - NATIONAL BIBLIOGRAPHY NUMBER
National bibliography number M181-03223
020 ## - INTERNATIONAL STANDARD BOOK NUMBER
International Standard Book Number 9789672210160
Terms of availability RM40.00
Qualifying information paperback
039 #9 - LEVEL OF BIBLIOGRAPHIC CONTROL AND CODING DETAIL [OBSOLETE]
Level of rules in bibliographic description 201905091052
Level of effort used to assign nonsubject heading access points masliza
Level of effort used to assign subject headings 201905091027
Level of effort used to assign classification rosliza
Level of effort used to assign subject headings 201904021108
Level of effort used to assign classification azizan
Level of effort used to assign subject headings 201811280918
Level of effort used to assign classification ben
040 ## - CATALOGING SOURCE
Original cataloging agency BNM
Language of cataloging eng
Transcribing agency BNM
Modifying agency PNM
-- PPAK
Description conventions rda
049 ## - LOCAL HOLDINGS (OCLC)
Holding library klpmal
082 04 - DEWEY DECIMAL CLASSIFICATION NUMBER
Edition number 23
Classification number 297.14092
090 00 - LOCALLY ASSIGNED LC-TYPE CALL NUMBER (OCLC); LOCAL CALL NUMBER (RLIN)
Classification number (OCLC) (R) ; Classification number, CALL (RLIN) (NR) 297.14092
Feature heading HAR
Feature heading G
100 0# - MAIN ENTRY--PERSONAL NAME
Personal name Harussani Hj. Zakaria,
Titles and words associated with a name Tan Sri, Dato' Seri, Dr.,
Dates associated with a name 1939-
Relator term author.
245 10 - TITLE STATEMENT
Title Memoir Harussani Zakaria :
Remainder of title DIA AKAN JADI MUFTI /
Statement of responsibility, etc. Harussani Hj. Zakaria
264 #1 - PRODUCTION, PUBLICATION, DISTRIBUTION, MANUFACTURE, AND COPYRIGHT NOTICE
Place of production, publication, distribution, manufacture Sintok, Kedah :
Name of producer, publisher, distributor, manufacturer UUM Press, Penerbit Universiti Utara Malaysia,
Date of production, publication, distribution, manufacture, or copyright notice 2018
Date of production, publication, distribution, manufacture, or copyright notice ©2018
300 ## - PHYSICAL DESCRIPTION
Extent xii, 151 pages :
Other physical details colour photographs ;
Dimensions 23 cm
336 ## - CONTENT TYPE
Content type term text
Source rdacontent
337 ## - MEDIA TYPE
Media type term unmediated
Source rdamedia
338 ## - CARRIER TYPE
Carrier type term volume
Source rdacarrier
500 ## - GENERAL NOTE
General note Contains verses from Qur'an and quotes from the Hadith
General note Includes index
504 ## - BIBLIOGRAPHY, ETC. NOTE
Bibliography, etc. note Bibliography : pages 145-147
520 ## - SUMMARY, ETC.
Summary, etc. Tan Sri Dato’ Seri (Dr.) Hj. Harussani bin Hj. Zakaria adalah anak bongsu kepada pasangan Hj. Zakaria b. Hj. Osman dan Hjh. Zainab bt. Jalaluddin, dilahirkan kira-kira 79 tahun yang lalu di Parit Buntar, Perak. Ayah beliau merupakan seorang yang tegas dalam memberi didikan agama kepada anak-anaknya.<br/>Perjalanan menjadi Mufti beliau bermula apabila menjawat jawatan sebagai Kadi di Jabatan Agama Pulau Pinang bermula dari tahun 1967 hingga 1973, kemudiannya dilantik sebagai Kadi Besar dari 1973 hingga 1985.Kefasihan beliau dalam mengulas isu-isu agama Islam telah melayakkan beliau untuk dilantik sebagai Mufti Perak bermula 1985 hingga kini.<br/> Secara umumnya, Tan Sri Dato’ Seri (Dr.) Hj. Harussani adalah seorang yang tegas dalam pendiriannya. Ketegasan beliau dalam isu-isu yang melibatkan agama Islam ini sebenarnya bukan lagi menjadi rahsia, sama ada dalam kalangan sahabat handai, para penyokong, mahupun mereka yang tidak sependapat dengan beliau. Sejarah telah merakamkan betapa lantangnya beliau ketika bercakap tentang isu murtad, poco-poco, Majlis Perundingan Antara Agama, yoga, penggunaan kalimah Allah oleh orang-orang bukan Islam, kerajaan perpaduan (UMNO-PAS) dan demonstrasi jalanan.<br/><br/>Buku ini bukan hanya pengkisahan memoir tetapi juga memberikan beliau satu ruang penjelasan mengenai isu-isu sensasi yang pernah beliau bangkitkan sebelum ini. Semoga karya ini dapat dijadikan rujukan dan penerangan sewajarnya kepada para pembaca.<br/><br/>
600 04 - SUBJECT ADDED ENTRY--PERSONAL NAME
Personal name Harussani Hj. Zakaria,
Titles and other words associated with a name Tan Sri, Dato' Seri,
Dates associated with a name 1966-
Form subdivision Biography
650 10 - SUBJECT ADDED ENTRY--TOPICAL TERM
Topical term or geographic name entry element Muftis (Muslim officials)
Geographic subdivision Malaysia
Form subdivision Biography
Topical term or geographic name entry element Muslim scholars
Form subdivision Biography
Topical term or geographic name entry element Autobiography
Topical term or geographic name entry element Government publications
Geographic subdivision Malaysia
942 ## - ADDED ENTRY ELEMENTS (KOHA)
Source of classification or shelving scheme Dewey Decimal Classification
Koha item type Book
949 ## - LOCAL PROCESSING INFORMATION (OCLC)
6 1001382766
a 297.14092 HAR D
e 2598777
6 1001382767
a 297.14092 HAR D
e 2598778
6 1001382768
a 297.14092 HAR D
e 2598779
Holdings
Withdrawn Not for loan Current library Shelving location Date acquired Total Checkouts Full call number Barcode Checked out Date last seen Date last checked out Koha item type Total Renewals
    Perpustakaan Alor Setar Pinjaman Dewasa 24/12/2019 2 297.14092 HAR A01623953 12/07/2026 21/06/2026 21/06/2026 Book  
    Perpustakaan Awam Sungai Petani Pinjaman Dewasa 24/12/2019 1 297.14092 HAR A01623954   10/04/2021 08/03/2021 Book 1
    Perpustakaan Baling Pinjaman Dewasa 24/12/2019   297.14092 HAR A01623958   24/12/2019   Book  
    Perpustakaan Bandar Baharu Pinjaman Dewasa 24/12/2019   297.14092 HAR A01623959   24/12/2019   Book  
    Perpustakaan Jitra Pinjaman Dewasa 24/12/2019   297.14092 HAR A01623955   24/12/2019   Book  
    Perpustakaan Kulim Pinjaman Dewasa 24/12/2019 1 297.14092 HAR A01623957   20/03/2023 28/02/2023 Book  
    Perpustakaan Langkawi Pinjaman Dewasa 24/12/2019   297.14092 HAR A01623956   24/12/2019   Book